[Event "Greek Team Championship"]
[Site "chess24.com"]
[Date "2017.07.08"]
[Round "7"]
[White "Mastrovasilis, Dimitrios"]
[Black "Warmerdam, Max"]
[Result "1/2-1/2"]
[Board "1"]
[WhiteElo "2580"]
[WhiteTitle "GM"]
[WhiteCountry "GRE"]
[WhiteFideId "4202694"]
[WhiteEloChange "-3"]
[BlackElo "2358"]
[BlackTitle "FM"]
[BlackCountry "NED"]
[BlackFideId "1048104"]
[BlackEloChange "6"]

1. e4 {[%clk 1:28:29]} e5 {[%clk 1:30:54]} 2. Nf3 {[%clk 1:28:19]} Nc6 {[%clk
1:31:18]} 3. Bc4 {[%clk 1:28:13]} Nf6 {[%clk 1:31:40]} 4. d4 {[%clk 1:28:35]}
exd4 {[%clk 1:31:14]} 5. e5 {[%clk 1:28:43]} Ng4 {[%clk 1:28:06]} 6. Qe2 {[%clk
1:28:18]} Qe7 {[%clk 1:28:07]} 7. Bf4 {[%clk 1:28:10]} f6 {[%clk 1:27:46]} 8.
exf6 {[%clk 1:27:48]} gxf6 {[%clk 1:27:36]} 9. Nbd2 {[%clk 1:25:51]} d6 {[%clk
1:25:30]} 10. Qxe7+ {[%clk 1:07:46]} Bxe7 {[%clk 1:24:50]} 11. Bb5 {[%clk
0:57:12]} a6 {[%clk 1:20:16]} 12. Bxc6+ {[%clk 0:56:35]} bxc6 {[%clk 1:20:40]}
13. Nxd4 {[%clk 0:56:49]} Bd7 {[%clk 1:17:04]} 14. f3 {[%clk 0:47:23]} Ne5 {[%clk
1:15:47]} 15. Ne4 {[%clk 0:47:40]} f5 {[%clk 1:05:40]} 16. Ng3 {[%clk 0:45:51]}
Ng6 {[%clk 1:05:20]} 17. Bd2 {[%clk 0:44:48]} Nh4 {[%clk 1:05:20]} 18. Kf2 {[%clk
0:43:04]} Rg8 {[%clk 1:04:36]} 19. Nde2 {[%clk 0:40:48]} Bf6 {[%clk 0:58:33]} 20.
Rab1 {[%clk 0:35:44]} Rb8 {[%clk 0:56:30]} 21. b3 {[%clk 0:35:05]} Kf7 {[%clk
0:56:04]} 22. Rhe1 {[%clk 0:30:51]} Rbe8 {[%clk 0:42:48]} 23. Rbd1 {[%clk
0:27:41]} Ng6 {[%clk 0:35:48]} 24. Nh5 {[%clk 0:23:41]} Bh4+ {[%clk 0:35:33]} 25.
g3 {[%clk 0:23:09]} Bd8 {[%clk 0:35:54]} 26. Nef4 {[%clk 0:21:17]} Nxf4 {[%clk
0:09:16]} 27. Nxf4 {[%clk 0:21:22]} Rxe1 {[%clk 0:09:05]} 28. Bxe1 {[%clk
0:19:29]} Bf6 {[%clk 0:08:05]} 29. Ba5 {[%clk 0:17:59]} Rc8 {[%clk 0:07:57]} 30.
Kg2 {[%clk 0:13:30]} Ke7 {[%clk 0:03:05]} 31. Rd3 {[%clk 0:10:05]} Be5 {[%clk
0:02:48]} 32. Re3 {[%clk 0:09:39]} Kf7 {[%clk 0:03:04]} 33. Nd3 {[%clk 0:05:33]}
Bd4 {[%clk 0:03:29]} 34. Re2 {[%clk 0:05:36]} c5 {[%clk 0:02:44]} 35. Nf4 {[%clk
0:05:01]} c6 {[%clk 0:02:31]} 36. Rd2 {[%clk 0:04:41]} Be5 {[%clk 0:01:00]} 37.
Nd3 {[%clk 0:04:53]} Bd4 {[%clk 0:01:24]} 38. c3 {[%clk 0:02:33]} Be3 {[%clk
0:01:47]} 39. Ne5+ {[%clk 0:02:14]} Ke6 {[%clk 0:01:57]} 40. Re2 {[%clk 0:31:51]}
dxe5 {[%clk 0:32:08]} 41. Rxe3 {[%clk 0:32:15]} c4 {[%clk 0:29:16]} 42. bxc4
{[%clk 0:26:53]} c5 {[%clk 0:27:50]} 43. Re2 {[%clk 0:24:42]} Bc6 {[%clk
0:26:49]} 44. Kf2 {[%clk 0:20:28]} h5 {[%clk 0:17:26]} 45. Bb6 {[%clk 0:18:40]}
Ba8 {[%clk 0:15:44]} 46. Ba7 {[%clk 0:11:38]} e4 {[%clk 0:12:56]} 47. f4 {[%clk
0:10:06]} h4 {[%clk 0:09:31]} 48. Rb2 {[%clk 0:05:52]} hxg3+ {[%clk 0:09:53]} 49.
hxg3 {[%clk 0:06:20]} Kd7 {[%clk 0:05:08]} 50. Rd2+ {[%clk 0:03:56]} Ke6 {[%clk
0:05:03]} 51. Rb2 {[%clk 0:02:59]} Kd7 {[%clk 0:05:27]} 52. Rb1 {[%clk 0:02:09]}
Rh8 {[%clk 0:04:55]} 53. Bxc5 {[%clk 0:01:36]} Rh2+ {[%clk 0:05:16]} 54. Ke3
{[%clk 0:01:39]} Rg2 {[%clk 0:03:58]} 55. Rb8 {[%clk 0:01:06]} Rxg3+ {[%clk
0:04:09]} 56. Ke2 {[%clk 0:01:20]} Bc6 {[%clk 0:04:23]} 57. Rf8 {[%clk 0:01:15]}
Rxc3 {[%clk 0:04:30]} 58. Rf7+ {[%clk 0:00:56]} Kc8 {[%clk 0:03:09]} 59. Rxf5
{[%clk 0:01:02]} 1/2-1/2

[Event "Greek Team Championship"]
[Site "chess24.com"]
[Date "2017.07.08"]
[Round "7"]
[White "Roinos, Ilias"]
[Black "Mastrovasilis, Athanasios"]
[Result "1/2-1/2"]
[Board "2"]
[WhiteElo "2198"]
[WhiteCountry "GRE"]
[WhiteFideId "4232402"]
[WhiteEloChange "7"]
[BlackElo "2512"]
[BlackTitle "GM"]
[BlackCountry "GRE"]
[BlackFideId "4201990"]
[BlackEloChange "-4"]

1. e4 {[%clk 1:30:42]} c5 {[%clk 1:27:26]} 2. Nf3 {[%clk 1:30:55]} e6 {[%clk
1:27:33]} 3. d4 {[%clk 1:31:13]} cxd4 {[%clk 1:27:59]} 4. Nxd4 {[%clk 1:31:34]}
Nc6 {[%clk 1:28:18]} 5. Nc3 {[%clk 1:31:50]} Qc7 {[%clk 1:28:42]} 6. g3 {[%clk
1:30:28]} a6 {[%clk 1:28:27]} 7. Bg2 {[%clk 1:30:50]} Nf6 {[%clk 1:28:12]} 8. O-O
{[%clk 1:30:59]} h5 {[%clk 1:27:46]} 9. h3 {[%clk 1:26:11]} Bc5 {[%clk 1:27:52]}
10. Be3 {[%clk 1:23:38]} d6 {[%clk 0:52:24]} 11. Na4 {[%clk 1:13:41]} Ba7 {[%clk
0:52:31]} 12. c4 {[%clk 1:12:59]} Bd7 {[%clk 0:52:26]} 13. Nc3 {[%clk 1:01:22]}
Nxd4 {[%clk 0:41:55]} 14. Bxd4 {[%clk 1:00:44]} Bxd4 {[%clk 0:41:53]} 15. Qxd4
{[%clk 1:01:04]} e5 {[%clk 0:42:17]} 16. Qd2 {[%clk 0:56:59]} O-O {[%clk
0:35:13]} 17. Rfd1 {[%clk 0:53:31]} Qxc4 {[%clk 0:29:18]} 18. Qxd6 {[%clk
0:53:41]} Qe6 {[%clk 0:27:07]} 19. Qxe6 {[%clk 0:49:04]} Bxe6 {[%clk 0:27:12]}
20. Nd5 {[%clk 0:49:23]} Bxd5 {[%clk 0:25:40]} 21. exd5 {[%clk 0:49:37]} Rad8
{[%clk 0:25:56]} 22. d6 {[%clk 0:39:50]} Rd7 {[%clk 0:25:45]} 23. Rac1 {[%clk
0:40:11]} Rfd8 {[%clk 0:25:24]} 24. Rc5 {[%clk 0:40:04]} e4 {[%clk 0:15:41]} 25.
Re5 {[%clk 0:38:16]} Rxd6 {[%clk 0:13:47]} 26. Rxd6 {[%clk 0:38:34]} Rxd6 {[%clk
0:14:14]} 27. Bxe4 {[%clk 0:38:51]} Nxe4 {[%clk 0:11:36]} 28. Rxe4 {[%clk
0:39:12]} Rd2 {[%clk 0:11:55]} 29. Rb4 {[%clk 0:39:34]} b5 {[%clk 0:11:54]} 30.
a4 {[%clk 0:39:47]} bxa4 {[%clk 0:12:13]} 31. Rxa4 {[%clk 0:40:08]} 1/2-1/2

[Event "Greek Team Championship"]
[Site "chess24.com"]
[Date "2017.07.08"]
[Round "7"]
[White "Malikentzos, Sotirios"]
[Black "Kordis, Konstantinos"]
[Result "1-0"]
[Board "3"]
[WhiteElo "2439"]
[WhiteTitle "FM"]
[WhiteCountry "GRE"]
[WhiteFideId "4215079"]
[WhiteEloChange "2"]
[BlackElo "2149"]
[BlackCountry "GRE"]
[BlackFideId "4205197"]
[BlackEloChange "-3"]

1. Nf3 {[%clk 1:25:26]} d6 {[%clk 1:30:47]} 2. d4 {[%clk 1:25:21]} Nf6 {[%clk
1:31:08]} 3. g3 {[%clk 1:25:51]} g6 {[%clk 1:31:29]} 4. Bg2 {[%clk 1:26:09]} Bg7
{[%clk 1:31:51]} 5. O-O {[%clk 1:26:33]} O-O {[%clk 1:32:14]} 6. b3 {[%clk
1:26:59]} e5 {[%clk 1:28:25]} 7. dxe5 {[%clk 1:27:24]} Ng4 {[%clk 1:27:51]} 8.
Bb2 {[%clk 1:27:30]} Nc6 {[%clk 1:27:20]} 9. c4 {[%clk 1:26:09]} Ngxe5 {[%clk
1:26:56]} 10. Nxe5 {[%clk 1:26:33]} Nxe5 {[%clk 1:24:14]} 11. Nc3 {[%clk
1:26:20]} Rb8 {[%clk 1:19:55]} 12. Qd2 {[%clk 1:26:11]} Re8 {[%clk 1:12:23]} 13.
h3 {[%clk 1:25:08]} h5 {[%clk 1:04:45]} 14. f4 {[%clk 1:24:12]} Nd7 {[%clk
1:04:03]} 15. e4 {[%clk 1:19:34]} a6 {[%clk 0:56:38]} 16. Nd5 {[%clk 1:18:01]}
Bxb2 {[%clk 0:56:49]} 17. Qxb2 {[%clk 1:18:24]} c6 {[%clk 0:57:09]} 18. Nc3
{[%clk 1:14:10]} b5 {[%clk 0:53:28]} 19. cxb5 {[%clk 1:07:25]} axb5 {[%clk
0:53:50]} 20. Rad1 {[%clk 1:07:52]} b4 {[%clk 0:41:03]} 21. Na4 {[%clk 1:00:41]}
Nb6 {[%clk 0:37:24]} 22. Nxb6 {[%clk 1:01:08]} Qxb6+ {[%clk 0:37:45]} 23. Kh2
{[%clk 1:01:25]} d5 {[%clk 0:36:48]} 24. f5 {[%clk 0:59:44]} h4 {[%clk 0:31:04]}
25. fxg6 {[%clk 0:59:07]} hxg3+ {[%clk 0:30:37]} 26. Kh1 {[%clk 0:59:25]} Be6
{[%clk 0:25:19]} 27. gxf7+ {[%clk 0:53:39]} Bxf7 {[%clk 0:25:41]} 28. Qf6 {[%clk
0:52:57]} Rb7 {[%clk 0:22:41]} 29. Qg5+ {[%clk 0:52:08]} Kf8 {[%clk 0:22:48]} 30.
Qh6+ {[%clk 0:52:07]} Ke7 {[%clk 0:21:39]} 31. exd5 {[%clk 0:49:36]} cxd5 {[%clk
0:21:40]} 32. Rxf7+ {[%clk 0:48:44]} Kxf7 {[%clk 0:21:46]} 33. Qh5+ {[%clk
0:47:20]} Kf8 {[%clk 0:20:27]} 34. Rf1+ {[%clk 0:47:19]} 1-0

[Event "Greek Team Championship"]
[Site "chess24.com"]
[Date "2017.07.08"]
[Round "7"]
[White "Zervos, Lazaros"]
[Black "Papadimitriou, Athanasios"]
[Result "0-1"]
[Board "4"]
[WhiteElo "2082"]
[WhiteCountry "GRE"]
[WhiteFideId "4238362"]
[WhiteEloChange "-6"]
[BlackElo "2225"]
[BlackCountry "GRE"]
[BlackFideId "4213254"]
[BlackEloChange "6"]

1. Nf3 {[%clk 1:30:53]} Nf6 {[%clk 1:28:14]} 2. c4 {[%clk 1:30:48]} c6 {[%clk
1:26:42]} 3. d4 {[%clk 1:28:57]} d5 {[%clk 1:26:21]} 4. Qb3 {[%clk 1:26:39]} g6
{[%clk 1:18:46]} 5. Nc3 {[%clk 1:23:35]} Bg7 {[%clk 1:15:45]} 6. cxd5 {[%clk
1:07:33]} cxd5 {[%clk 1:11:44]} 7. Bf4 {[%clk 1:05:08]} O-O {[%clk 0:43:42]} 8.
e3 {[%clk 0:54:52]} Nc6 {[%clk 0:42:17]} 9. Be2 {[%clk 0:38:42]} Na5 {[%clk
0:35:18]} 10. Qd1 {[%clk 0:38:06]} Bf5 {[%clk 0:34:02]} 11. O-O {[%clk 0:37:40]}
Rc8 {[%clk 0:31:49]} 12. Rc1 {[%clk 0:33:17]} Nc4 {[%clk 0:27:20]} 13. b3 {[%clk
0:26:40]} Nd6 {[%clk 0:23:31]} 14. Qd2 {[%clk 0:23:22]} Qa5 {[%clk 0:07:47]} 15.
Bxd6 {[%clk 0:16:15]} exd6 {[%clk 0:07:44]} 16. Nb5 {[%clk 0:09:02]} Qb6 {[%clk
0:06:09]} 17. Rxc8 {[%clk 0:08:05]} Rxc8 {[%clk 0:04:27]} 18. Rc1 {[%clk
0:08:18]} Ne4 {[%clk 0:02:29]} 19. Rxc8+ {[%clk 0:07:01]} Bxc8 {[%clk 0:02:58]}
20. Qc1 {[%clk 0:07:06]} Bd7 {[%clk 0:02:59]} 21. a4 {[%clk 0:03:29]} a6 {[%clk
0:02:14]} 22. Qc7 {[%clk 0:03:49]} Qxc7 {[%clk 0:02:28]} 23. Nxc7 {[%clk
0:04:17]} Nc3 {[%clk 0:02:34]} 24. Bd3 {[%clk 0:02:38]} Bf6 {[%clk 0:02:40]} 25.
Kf1 {[%clk 0:01:29]} Bd8 {[%clk 0:02:54]} 26. Nxa6 {[%clk 0:00:39]} bxa6 {[%clk
0:03:22]} 27. Bxa6 {[%clk 0:01:08]} Bf5 {[%clk 0:03:13]} 28. Ne1 {[%clk 0:01:11]}
Ba5 {[%clk 0:02:33]} 29. f3 {[%clk 0:01:10]} Nb1 {[%clk 0:02:23]} 30. Bb7 {[%clk
0:00:58]} Be6 {[%clk 0:02:13]} 31. Nd3 {[%clk 0:01:02]} Nd2+ {[%clk 0:02:23]} 32.
Kf2 {[%clk 0:00:46]} Nxb3 {[%clk 0:02:50]} 33. Nf4 {[%clk 0:01:09]} Nc1 {[%clk
0:01:53]} 34. Nxd5 {[%clk 0:01:22]} Nd3+ {[%clk 0:01:35]} 35. Ke2 {[%clk
0:01:36]} Nb2 {[%clk 0:00:43]} 36. Ne7+ {[%clk 0:01:29]} Kf8 {[%clk 0:00:46]} 37.
Nc6 {[%clk 0:01:48]} Bc4+ {[%clk 0:01:04]} 38. Kf2 {[%clk 0:02:01]} Nd1+ {[%clk
0:00:53]} 39. Kg3 {[%clk 0:02:30]} Be1+ {[%clk 0:00:47]} 40. Kf4 {[%clk 0:32:38]}
Bd2 {[%clk 0:30:40]} 0-1

[Event "Greek Team Championship"]
[Site "chess24.com"]
[Date "2017.07.08"]
[Round "7"]
[White "Zawadzka, Jolanta"]
[Black "Ratsma, Rosa"]
[Result "1-0"]
[Board "5"]
[WhiteElo "2426"]
[WhiteTitle "WGM"]
[WhiteCountry "POL"]
[WhiteFideId "1122320"]
[WhiteEloChange "2"]
[BlackElo "2137"]
[BlackCountry "NED"]
[BlackFideId "1033662"]
[BlackEloChange "-3"]

1. e4 {[%clk 1:28:47]} c5 {[%clk 1:30:49]} 2. Nf3 {[%clk 1:29:13]} d6 {[%clk
1:31:11]} 3. d4 {[%clk 1:29:38]} cxd4 {[%clk 1:31:35]} 4. Nxd4 {[%clk 1:30:05]}
Nf6 {[%clk 1:31:55]} 5. Nc3 {[%clk 1:30:32]} a6 {[%clk 1:32:15]} 6. h3 {[%clk
1:30:54]} e6 {[%clk 1:31:51]} 7. g4 {[%clk 1:31:17]} Nfd7 {[%clk 1:32:04]} 8. Bg2
{[%clk 1:31:15]} Be7 {[%clk 1:32:14]} 9. g5 {[%clk 1:31:21]} Nc6 {[%clk 1:28:04]}
10. h4 {[%clk 1:31:36]} Qb6 {[%clk 1:17:33]} 11. Nb3 {[%clk 1:31:38]} Qc7 {[%clk
1:14:56]} 12. f4 {[%clk 1:31:29]} b5 {[%clk 1:13:18]} 13. Nd4 {[%clk 1:26:14]}
Bb7 {[%clk 1:08:31]} 14. Nxc6 {[%clk 1:26:09]} Qxc6 {[%clk 1:04:36]} 15. Qd4
{[%clk 1:24:21]} e5 {[%clk 1:00:23]} 16. Qf2 {[%clk 1:20:35]} Rc8 {[%clk
0:47:00]} 17. a3 {[%clk 1:10:37]} Bd8 {[%clk 0:36:59]} 18. O-O {[%clk 1:00:32]}
Ba5 {[%clk 0:33:38]} 19. Bd2 {[%clk 1:00:21]} Bb6 {[%clk 0:28:32]} 20. Be3 {[%clk
1:00:45]} Bxe3 {[%clk 0:27:47]} 21. Qxe3 {[%clk 1:01:11]} Qb6 {[%clk 0:27:11]}
22. Rae1 {[%clk 0:56:50]} Qxe3+ {[%clk 0:26:57]} 23. Rxe3 {[%clk 0:57:16]} Nb6
{[%clk 0:27:13]} 24. b3 {[%clk 0:47:01]} O-O {[%clk 0:22:29]} 25. Rd3 {[%clk
0:44:17]} Rc6 {[%clk 0:19:06]} 26. Rfd1 {[%clk 0:40:14]} Nc8 {[%clk 0:18:53]} 27.
f5 {[%clk 0:38:15]} Rd8 {[%clk 0:17:06]} 28. R1d2 {[%clk 0:38:07]} Nb6 {[%clk
0:15:01]} 29. f6 {[%clk 0:34:24]} gxf6 {[%clk 0:13:39]} 30. gxf6 {[%clk 0:34:51]}
d5 {[%clk 0:13:47]} 31. Nxd5 {[%clk 0:34:27]} Nxd5 {[%clk 0:14:02]} 32. Rxd5
{[%clk 0:34:50]} Rxd5 {[%clk 0:14:13]} 33. exd5 {[%clk 0:34:19]} Rd6 {[%clk
0:09:08]} 34. c4 {[%clk 0:34:36]} Kf8 {[%clk 0:08:55]} 35. c5 {[%clk 0:34:28]}
1-0

[Event "Greek Team Championship"]
[Site "chess24.com"]
[Date "2017.07.08"]
[Round "7"]
[White "Papageorgiou, Fotini"]
[Black "Pasoglou, Ekaterini"]
[Result "1/2-1/2"]
[Board "6"]
[WhiteElo "1427"]
[WhiteCountry "GRE"]
[WhiteFideId "4238265"]
[WhiteEloChange "8"]
[BlackElo "1885"]
[BlackCountry "GRE"]
[BlackFideId "4247663"]
[BlackEloChange "-8"]

1. c4 {[%clk 1:30:57]} e5 {[%clk 1:28:43]} 2. Nc3 {[%clk 1:31:15]} Nc6 {[%clk
1:29:01]} 3. g3 {[%clk 1:31:30]} g6 {[%clk 1:29:19]} 4. Bg2 {[%clk 1:31:54]} Bg7
{[%clk 1:29:43]} 5. Nf3 {[%clk 1:31:49]} d6 {[%clk 1:29:51]} 6. O-O {[%clk
1:32:01]} Nf6 {[%clk 1:29:30]} 7. d3 {[%clk 1:32:13]} O-O {[%clk 1:29:53]} 8. Bd2
{[%clk 1:28:39]} Bg4 {[%clk 1:27:47]} 9. h3 {[%clk 1:27:44]} Bd7 {[%clk 1:28:09]}
10. Rb1 {[%clk 1:22:26]} a5 {[%clk 1:28:32]} 11. a3 {[%clk 1:19:41]} Ne7 {[%clk
1:25:29]} 12. b4 {[%clk 1:17:04]} axb4 {[%clk 1:25:52]} 13. axb4 {[%clk 1:17:29]}
Nh5 {[%clk 1:17:22]} 14. Ne1 {[%clk 1:11:49]} c6 {[%clk 1:15:59]} 15. Ne4 {[%clk
0:52:26]} Nc8 {[%clk 1:11:35]} 16. g4 {[%clk 0:40:17]} Nf4 {[%clk 1:11:16]} 17.
Bxf4 {[%clk 0:40:41]} exf4 {[%clk 1:11:40]} 18. Qd2 {[%clk 0:38:57]} f5 {[%clk
1:11:10]} 19. gxf5 {[%clk 0:38:05]} Rxf5 {[%clk 1:09:43]} 20. Nf3 {[%clk
0:36:32]} Qe7 {[%clk 1:03:40]} 21. h4 {[%clk 0:25:28]} h6 {[%clk 0:55:47]} 22.
Bh3 {[%clk 0:20:33]} Rf8 {[%clk 0:49:11]} 23. Bxd7 {[%clk 0:18:05]} Qxd7 {[%clk
0:49:33]} 24. Kh2 {[%clk 0:18:31]} b6 {[%clk 0:46:46]} 25. b5 {[%clk 0:16:03]} d5
{[%clk 0:46:21]} 26. bxc6 {[%clk 0:16:14]} Qxc6 {[%clk 0:46:45]} 27. cxd5 {[%clk
0:16:17]} Qxd5 {[%clk 0:46:48]} 28. Rg1 {[%clk 0:15:09]} Kh7 {[%clk 0:46:53]} 29.
Qb4 {[%clk 0:10:28]} Qa2 {[%clk 0:37:21]} 30. Nc3 {[%clk 0:08:23]} Qe6 {[%clk
0:32:09]} 31. Ne4 {[%clk 0:06:58]} Qa2 {[%clk 0:24:21]} 1/2-1/2

[Event "Greek Team Championship"]
[Site "chess24.com"]
[Date "2017.07.08"]
[Round "7"]
[White "Pasoglou, Nikoleta"]
[Black "Bouza, Mirto - Eleni"]
[Result "1-0"]
[Board "7"]
[WhiteElo "1241"]
[WhiteCountry "GRE"]
[WhiteFideId "4265408"]
[WhiteEloChange "12"]
[BlackElo "1313"]
[BlackCountry "GRE"]
[BlackFideId "4260848"]
[BlackEloChange "-12"]

1. c4 {[%clk 1:28:39]} Nf6 {[%clk 1:30:36]} 2. g3 {[%clk 1:29:02]} e5 {[%clk
1:29:54]} 3. Nc3 {[%clk 1:29:21]} g6 {[%clk 1:28:45]} 4. Bg2 {[%clk 1:29:45]} Bg7
{[%clk 1:29:05]} 5. Nf3 {[%clk 1:29:43]} Nc6 {[%clk 1:29:02]} 6. O-O {[%clk
1:29:44]} O-O {[%clk 1:29:21]} 7. d3 {[%clk 1:29:39]} d6 {[%clk 1:29:16]} 8. Rb1
{[%clk 1:28:15]} Bg4 {[%clk 1:23:10]} 9. h3 {[%clk 1:28:23]} Bd7 {[%clk 1:23:18]}
10. a3 {[%clk 1:28:27]} a5 {[%clk 1:19:00]} 11. b4 {[%clk 1:28:10]} axb4 {[%clk
1:14:42]} 12. axb4 {[%clk 1:28:30]} Ne7 {[%clk 1:13:36]} 13. Nd2 {[%clk 1:27:31]}
Bc6 {[%clk 1:10:07]} 14. Nde4 {[%clk 1:23:10]} Nxe4 {[%clk 0:51:43]} 15. dxe4
{[%clk 1:22:17]} Be8 {[%clk 0:43:25]} 16. Qb3 {[%clk 0:59:43]} c6 {[%clk
0:40:14]} 17. Rd1 {[%clk 0:56:49]} Qc7 {[%clk 0:39:45]} 18. b5 {[%clk 0:51:53]}
f6 {[%clk 0:30:36]} 19. Ba3 {[%clk 0:49:25]} Rd8 {[%clk 0:24:38]} 20. Bxd6 {[%clk
0:41:26]} Qd7 {[%clk 0:10:30]} 21. Bxe5 {[%clk 0:39:34]} Qc8 {[%clk 0:10:40]} 22.
Bd6 {[%clk 0:39:37]} Rf7 {[%clk 0:09:30]} 23. c5 {[%clk 0:38:49]} Kh8 {[%clk
0:09:06]} 24. bxc6 {[%clk 0:38:44]} Nxc6 {[%clk 0:06:56]} 25. Nd5 {[%clk
0:35:00]} Ne5 {[%clk 0:02:59]} 26. Bxe5 {[%clk 0:30:51]} fxe5 {[%clk 0:03:17]}
27. Qc2 {[%clk 0:28:19]} Bc6 {[%clk 0:03:00]} 28. Nb6 {[%clk 0:28:13]} Qc7 {[%clk
0:03:16]} 29. Rxd8+ {[%clk 0:28:13]} Qxd8 {[%clk 0:03:45]} 30. Ra1 {[%clk
0:26:03]} Qf6 {[%clk 0:03:21]} 31. Ra8+ {[%clk 0:26:06]} Bf8 {[%clk 0:03:33]} 32.
e3 {[%clk 0:23:37]} Kg7 {[%clk 0:03:37]} 33. Nd5 {[%clk 0:22:26]} Qe6 {[%clk
0:03:38]} 34. Ra5 {[%clk 0:19:46]} Qc8 {[%clk 0:02:58]} 35. Qc3 {[%clk 0:18:18]}
Qb8 {[%clk 0:02:42]} 36. f4 {[%clk 0:18:14]} Kg8 {[%clk 0:02:36]} 37. Bf1 {[%clk
0:14:32]} Bg7 {[%clk 0:02:38]} 38. Nb6 {[%clk 0:13:22]} Qc7 {[%clk 0:02:01]} 39.
Ra8+ {[%clk 0:13:30]} Bf8 {[%clk 0:01:09]} 40. Bc4 {[%clk 0:43:39]} 1-0

[Event "Greek Team Championship"]
[Site "chess24.com"]
[Date "2017.07.08"]
[Round "7"]
[White "Loutragotis, Dimitrios"]
[Black "Ballas, Athanasios-panagiotis"]
[Result "1/2-1/2"]
[Board "8"]
[WhiteElo "2143"]
[WhiteCountry "GRE"]
[WhiteFideId "4268458"]
[WhiteEloChange "-4"]
[BlackElo "2015"]
[BlackCountry "GRE"]
[BlackFideId "4224078"]
[BlackEloChange "4"]

1. e4 {[%clk 1:30:59]} c5 {[%clk 1:27:37]} 2. Nf3 {[%clk 1:31:23]} e6 {[%clk
1:27:47]} 3. d4 {[%clk 1:31:48]} cxd4 {[%clk 1:27:59]} 4. Nxd4 {[%clk 1:32:12]}
Nc6 {[%clk 1:28:18]} 5. Nc3 {[%clk 1:32:36]} Qc7 {[%clk 1:27:53]} 6. Be2 {[%clk
1:33:01]} a6 {[%clk 1:28:07]} 7. O-O {[%clk 1:33:24]} Nf6 {[%clk 1:27:51]} 8. Be3
{[%clk 1:33:48]} Be7 {[%clk 1:28:02]} 9. Kh1 {[%clk 1:33:37]} O-O {[%clk
1:28:09]} 10. f4 {[%clk 1:34:02]} d6 {[%clk 1:28:35]} 11. Qe1 {[%clk 1:34:24]}
Nxd4 {[%clk 1:13:56]} 12. Bxd4 {[%clk 1:34:46]} b5 {[%clk 1:14:22]} 13. a3 {[%clk
1:35:03]} Bb7 {[%clk 1:14:37]} 14. Qg3 {[%clk 1:35:26]} Bc6 {[%clk 1:04:46]} 15.
Rae1 {[%clk 1:35:49]} Rab8 {[%clk 0:58:53]} 16. e5 {[%clk 1:28:47]} Ne8 {[%clk
0:48:11]} 17. Bd3 {[%clk 1:28:19]} b4 {[%clk 0:41:57]} 18. Ne4 {[%clk 1:25:25]}
Bxe4 {[%clk 0:38:45]} 19. Rxe4 {[%clk 1:25:13]} d5 {[%clk 0:37:08]} 20. Re3
{[%clk 1:25:27]} Bc5 {[%clk 0:31:55]} 21. Qh4 {[%clk 1:19:51]} h6 {[%clk
0:21:53]} 22. Bxc5 {[%clk 1:19:31]} Qxc5 {[%clk 0:22:17]} 23. Rg3 {[%clk
1:19:50]} Kh8 {[%clk 0:18:39]} 24. Rff3 {[%clk 1:18:58]} f5 {[%clk 0:15:18]} 25.
Rg6 {[%clk 1:16:14]} Kh7 {[%clk 0:04:24]} 26. Rxh6+ {[%clk 1:13:38]} gxh6 {[%clk
0:02:57]} 27. Rh3 {[%clk 1:14:02]} Ng7 {[%clk 0:00:34]} 28. Qxh6+ {[%clk
1:14:19]} Kg8 {[%clk 0:01:04]} 29. Qh7+ {[%clk 1:14:36]} Kf7 {[%clk 0:01:24]} 30.
Rg3 {[%clk 1:15:01]} Rg8 {[%clk 0:00:33]} 31. Qg6+ {[%clk 1:15:24]} Kf8 {[%clk
0:00:47]} 32. Qf6+ {[%clk 1:15:49]} Ke8 {[%clk 0:01:06]} 33. Rxg7 {[%clk
1:16:03]} Rxg7 {[%clk 0:01:20]} 34. Qxg7 {[%clk 1:16:28]} Qf8 {[%clk 0:00:31]}
35. Qc7 {[%clk 1:15:26]} Rd8 {[%clk 0:00:36]} 36. Be2 {[%clk 1:15:35]} Qe7 {[%clk
0:00:42]} 37. Qc6+ {[%clk 1:15:30]} Kf8 {[%clk 0:00:43]} 38. axb4 {[%clk
1:15:48]} Qxb4 {[%clk 0:00:47]} 39. h3 {[%clk 1:11:38]} Qe1+ {[%clk 0:01:00]} 40.
Kh2 {[%clk 1:42:04]} Qxe2 {[%clk 0:31:11]} 41. Qxe6 {[%clk 1:42:29]} Qe4 {[%clk
0:11:46]} 42. Qf6+ {[%clk 1:42:49]} Ke8 {[%clk 0:12:14]} 43. Qe6+ {[%clk
1:42:54]} 1/2-1/2

[Event "Greek Team Championship"]
[Site "chess24.com"]
[Date "2017.07.08"]
[Round "7"]
[White "Vlachos, Anatole"]
[Black "Loutragotis, Paraskevas Pantelei"]
[Result "1-0"]
[Board "9"]
[WhiteElo "2075"]
[WhiteCountry "GRE"]
[WhiteFideId "26093189"]
[WhiteEloChange "5"]
[BlackElo "1891"]
[BlackCountry "GRE"]
[BlackFideId "4278771"]
[BlackEloChange "-5"]

1. Nf3 {[%clk 1:23:42]} d6 {[%clk 1:30:37]} 2. g3 {[%clk 1:23:58]} g6 {[%clk
1:30:58]} 3. Bg2 {[%clk 1:24:23]} Bg7 {[%clk 1:31:22]} 4. O-O {[%clk 1:24:01]} e5
{[%clk 1:31:38]} 5. d3 {[%clk 1:24:23]} f5 {[%clk 1:31:49]} 6. c4 {[%clk
1:24:49]} Nf6 {[%clk 1:32:05]} 7. Nc3 {[%clk 1:25:17]} O-O {[%clk 1:31:33]} 8.
Rb1 {[%clk 1:25:39]} c6 {[%clk 1:26:58]} 9. b4 {[%clk 1:25:51]} Re8 {[%clk
1:26:33]} 10. b5 {[%clk 1:21:04]} h6 {[%clk 1:20:23]} 11. Ba3 {[%clk 1:14:47]}
Qc7 {[%clk 1:14:33]} 12. bxc6 {[%clk 1:13:32]} bxc6 {[%clk 1:14:45]} 13. Nd2
{[%clk 1:11:51]} a6 {[%clk 1:13:40]} 14. Qa4 {[%clk 1:01:56]} Be6 {[%clk
1:13:11]} 15. Rfc1 {[%clk 0:57:26]} Ra7 {[%clk 1:09:58]} 16. Rc2 {[%clk 0:43:00]}
Rc8 {[%clk 1:09:13]} 17. Qb4 {[%clk 0:35:38]} Bf8 {[%clk 1:07:31]} 18. Qb6 {[%clk
0:32:42]} Qf7 {[%clk 1:03:49]} 19. Nd5 {[%clk 0:27:47]} cxd5 {[%clk 1:01:13]} 20.
cxd5 {[%clk 0:28:07]} Rxc2 {[%clk 1:01:15]} 21. dxe6 {[%clk 0:28:05]} Qxe6 {[%clk
0:58:39]} 22. Qxa7 {[%clk 0:27:21]} Rxd2 {[%clk 0:58:28]} 23. Rxb8 {[%clk
0:24:06]} Rd1+ {[%clk 0:40:09]} 24. Bf1 {[%clk 0:24:33]} Nd7 {[%clk 0:40:00]} 25.
Rd8 {[%clk 0:23:03]} Nc5 {[%clk 0:34:46]} 26. Bxc5 {[%clk 0:22:53]} Qd5 {[%clk
0:35:08]} 27. Qa8 {[%clk 0:20:17]} Qxa8 {[%clk 0:35:32]} 28. Rxa8 {[%clk
0:20:43]} dxc5 {[%clk 0:35:55]} 29. Rxa6 {[%clk 0:20:52]} Kf7 {[%clk 0:36:18]}
30. e3 {[%clk 0:12:18]} g5 {[%clk 0:34:29]} 31. Kg2 {[%clk 0:11:12]} g4 {[%clk
0:34:07]} 32. Be2 {[%clk 0:10:32]} Re1 {[%clk 0:34:30]} 33. Bf1 {[%clk 0:10:42]}
h5 {[%clk 0:33:41]} 34. Rb6 {[%clk 0:08:46]} Ra1 {[%clk 0:33:19]} 35. Rb2 {[%clk
0:08:10]} Be7 {[%clk 0:32:54]} 36. Be2 {[%clk 0:08:23]} h4 {[%clk 0:33:11]} 37.
gxh4 {[%clk 0:08:20]} Bxh4 {[%clk 0:33:36]} 38. h3 {[%clk 0:07:30]} gxh3+ {[%clk
0:32:33]} 39. Kxh3 {[%clk 0:07:58]} Bxf2 {[%clk 0:32:48]} 40. Bh5+ {[%clk
0:37:35]} Kf6 {[%clk 1:02:55]} 41. Rxf2 {[%clk 0:38:00]} 1-0